MARC

LEADER 00000nam2a2200000 4500
001 232058
005 20231101231134.0
035 |a (RuTPU)RU\TPU\book\253089 
035 |a RU\TPU\book\253080 
090 |a 232058 
100 |a 20130207d1946 k y0rusy50 ca 
101 0 |a rus 
102 |a RU 
105 |a ac z 011zy 
200 0 |a № 10 
210 |d 1946 
215 |a 100 с.  |c ил. 
317 |5 63413507: КР-1047  |a Поступила в НТБ в 2004 г. в составе книжного собрания профессора ТПИ К. В. Радугина. 
320 |a Библиогр. в тексте 
461 1 |0 (RuTPU)RU\TPU\book\254472  |t Советская геология  |o сборник/журнал  |v № 10  |d 1938-1992 
600 1 |a Ферсман  |b А. Е.  |c российский минералог и геохимик  |f 1883-1945  |g Александр Евгеньевич  |2 stltpush  |3 (RuTPU)RU\TPU\pers\12109  |9 3174 
606 1 |a Геология  |2 stltpush  |3 (RuTPU)RU\TPU\subj\6095  |9 34054 
610 1 |a фосфоритовые формации 
610 1 |a Приуралье 
610 1 |a геологическое строение 
610 1 |a лессовые грунты 
610 1 |a тантал 
610 1 |a ниобий 
610 1 |a рудные месторождения 
610 1 |a галечники 
610 1 |a библиотека К. В. Радугина 
675 |a 55  |v 3 
801 1 |a RU  |b 63413507  |c 20110727 
801 2 |a RU  |b 63413507  |c 20180130  |g RCR 
942 |c BK